header

The Dawn that never comes (Record no. 233376)

MARC details
000 -LEADER
fixed length control field 01370nam a22003254a 4500
082 04 - DEWEY DECIMAL CLASSIFICATION NUMBER
Classification number 895.6/34
100 1# - MAIN ENTRY--AUTHOR NAME
Personal name Bourdaghs, Michael K.
245 14 - TITLE STATEMENT
Title The Dawn that never comes
260 ## - PUBLICATION, DISTRIBUTION, ETC. (IMPRINT)
Place of publication New York, N.Y. :
Name of publisher Columbia University Press,
Year of publication c2003.
300 ## - PHYSICAL DESCRIPTION
Number of Pages x, 273 p.
490 1# - SERIES STATEMENT
Series statement Studies of the East Asian Institute
650 #0 - SUBJECT ADDED ENTRY--TOPICAL TERM
Topical Term Nationalism in literature.
856 40 - ELECTRONIC LOCATION AND ACCESS
Uniform Resource Identifier http://site.ebrary.com/lib/rucke/Doc?id=10183442

No items available.

© 2026 Rongo University
Contact us: librarian | system librarian | Rongo university